Welcome to CU Library Online Public Access Catalogue (OPAC)

The mind of St Paul. (Record no. 6700)

MARC details
000 -LEADER
fixed length control field 00396cam a22001571 4500
001 - CONTROL NUMBER
control field 8418983
005 - DATE AND TIME OF LATEST TRANSACTION
control field 20250626084736.0
008 - FIXED-LENGTH DATA ELEMENTS--GENERAL INFORMATION
fixed length control field 720607s1958 xx 000 0 eng
050 00 - LIBRARY OF CONGRESS CALL NUMBER
Classification number BS2651
Item number .B35 1958
082 ## - DEWEY DECIMAL CLASSIFICATION NUMBER
Classification number 227.06
100 1# - MAIN ENTRY--PERSONAL NAME
Personal name Barclay, William,
Dates associated with a name 1907-1978.
245 14 - TITLE STATEMENT
Title The mind of St Paul.
260 ## - PUBLICATION, DISTRIBUTION, ETC.
Place of publication, distribution, etc. New York,
Name of publisher, distributor, etc. Harper
Date of publication, distribution, etc. [c1958]
300 ## - PHYSICAL DESCRIPTION
Extent 256 p.
Dimensions 22 cm.
942 ## - ADDED ENTRY ELEMENTS (KOHA)
Source of classification or shelving scheme Library of Congress Classification
Koha item type Books
Suppress in OPAC No
999 ## -
-- 6700
-- 6700
Holdings
Withdrawn status Lost status Source of classification or shelving scheme Damaged status Not for loan Collection Home library Current library Shelving location Date acquired Total checkouts Full call number Barcode Date last seen Copy number Price effective from Koha item type
    Library of Congress Classification     Non-fiction Undergraduate Library (Christ Temple) Undergraduate Library (Christ Temple) General stacks 06/26/2025   BS651 BAR ulct00003527 06/26/2025 1 06/26/2025 Books
© 2023-2024 Copyright: Central University Libraries. All Rights Reserved | Created by: Mahone Tech Office